000 00240 a2200109 4500
001 51151
040 _cAnchieta - Pituba
240 1 0 _aPlanet
_l
245 1 0 _aPlanet
650 4 _aLínguas germânicas (teutônicas) língua alemã
942 _cMX
999 _c51151
_d51151